[Event "Imperia op-A 61st"]
[Site "Imperia"]
[Date "2019.09.06"]
[Round "7.3"]
[White "Cugini, Verter"]
[Black "Salvador, Roland"]
[Result "0-1"]
[WhiteElo "1978"]
[BlackElo "2409"]
[PlyCount "90"]
[EventDate "2019.09.01"]
[EventType "swiss"]
[EventRounds "9"]
[EventCountry "ITA"]
[SourceTitle "EXT 2024"]
[Source "ChessBase"]
[SourceDate "2023.10.10"]
[SourceVersion "1"]
[SourceVersionDate "2023.10.10"]
[SourceQuality "1"]

1. e4 c6 2. d4 g6 3. c4 Bg7 4. Nc3 d6 5. Be3 Nf6 6. Nf3 Ng4 7. Bg5 Qb6 8. Qd2 h6 9. Bh4 Nd7 10. h3 Ngf6 11. Bg3 Nh5 12. Bh2 e5 13. c5 dxc5 14. dxe5 g5 15. Bc4 Qb4 16. Be2 Nf8 17. Nd1 Qxe4 18. 0-0 Nf4 19. Bxf4 Qxf4 20. Qxf4 gxf4 21. Re1 Bf5 22. Rc1 Ne6 23. Nh4 Bh7 24. Bg4 b6 25. Bf5 0-0-0 26. b4 Bf8 27. Nb2 Be7 28. Bxh7 Bxh4 29. Bf5 Rd2 30. Nd1 Rhd8 31. bxc5 bxc5 32. Rf1 R8d5 33. a4 Rxe5 34. Bxe6+ fxe6 35. Nc3 Kc7 36. a5 c4 37. a6 Rb2 38. Na4 Rb4 39. Nc3 Kb6 40. Ra1 Bf6 41. Na4+ Kc7 42. Ra2 Ra5 43. Nc3 Rxa2 44. Nxa2 Rb2 45. Nc1 Be5 0-1

[Event "Imperia op-A 61st"]
[Site "Imperia"]
[Date "2019.09.05"]
[Round "6.7"]
[White "Giuberchio, Cesare"]
[Black "Cugini, Verter"]
[Result "0-1"]
[WhiteElo "1929"]
[BlackElo "1978"]
[PlyCount "57"]
[EventDate "2019.09.01"]
[EventType "swiss"]
[EventRounds "9"]
[EventCountry "ITA"]
[SourceTitle "EXT 2024"]
[Source "ChessBase"]
[SourceDate "2023.10.10"]
[SourceVersion "1"]
[SourceVersionDate "2023.10.10"]
[SourceQuality "1"]

1. e4 e6 2. d3 b5 3. g3 c5 4. Bg2 Nc6 5. Nf3 Nf6 6. 0-0 Be7 7. Re1 0-0 8. Nbd2 Bb7 9. c3 d5 10. e5 Nd7 11. Nf1 b4 12. h4 bxc3 13. bxc3 d4 14. c4 Rb8 15. N1h2 Qc7 16. Bf4 Ba8 17. Ng5 Bxg5 18. hxg5 Rb2 19. Qh5 Ne7 20. Ng4 Bxg2 21. Kxg2 Qb7+ 22. Kg1 Ng6 23. Kh2 Kh8 24. Rad1 Qf3 25. Qh3 Rfb8 26. Bc1 Rxa2 27. Rh1 Ngxe5 28. Kg1 Qxd1+ 29. Kg2 0-1

[Event "Imperia op-A 50th"]
[Site "Imperia"]
[Date "2018.09.08"]
[Round "8.11"]
[White "Lagrotteria, Salvatore"]
[Black "Cugini, Verter"]
[Result "0-1"]
[WhiteElo "2148"]
[BlackElo "2065"]
[PlyCount "80"]
[EventDate "2018.09.02"]
[EventType "swiss"]
[EventRounds "9"]
[EventCountry "ITA"]
[SourceTitle "EXT 2024"]
[Source "ChessBase"]
[SourceDate "2023.10.10"]
[SourceVersion "1"]
[SourceVersionDate "2023.10.10"]
[SourceQuality "1"]

1. Nf3 g6 2. g3 Bg7 3. Bg2 e5 4. d3 c5 5. e4 Ne7 6. 0-0 Nbc6 7. c3 0-0 8. a4 d5 9. Be3 d4 10. cxd4 cxd4 11. Bd2 h6 12. Ne1 Be6 13. Qc1 Kh7 14. b4 Rc8 15. Qb2 Qd7 16. b5 Nd8 17. Na3 Bh3 18. Bb4 Bxg2 19. Nxg2 Ne6 20. Rac1 Rxc1 21. Rxc1 Rc8 22. Rc4 Rxc4 23. Nxc4 Nc8 24. f4 Nb6 25. Qc2 Qc8 26. f5 gxf5 27. exf5 Ng5 28. h4 Nf3+ 29. Kf1 Qxf5 30. Nd6 Nd2+ 31. Ke1 Qf1+ 32. Kxd2 Qxg2+ 33. Kc1 Qxg3 34. Kb2 Nd5 35. Bd2 Ne3 36. Qc8 Qf2 37. Kc1 Qf1+ 38. Kb2 Qxd3 39. Bxe3 dxe3 40. Qc2 e4+ 0-1

[Event "Imperia op-A 50th"]
[Site "Imperia"]
[Date "2018.09.04"]
[Round "3.10"]
[White "Cugini, Verter"]
[Black "Makhija, Aashna"]
[Result "0-1"]
[WhiteElo "2065"]
[BlackElo "1996"]
[PlyCount "62"]
[EventDate "2018.09.02"]
[EventType "swiss"]
[EventRounds "9"]
[EventCountry "ITA"]
[SourceTitle "EXT 2024"]
[Source "ChessBase"]
[SourceDate "2023.10.10"]
[SourceVersion "1"]
[SourceVersionDate "2023.10.10"]
[SourceQuality "1"]

1. e4 e5 2. Nf3 Nc6 3. d4 exd4 4. Nxd4 Qf6 5. Nxc6 Bc5 6. Qe2 dxc6 7. Nc3 Bd4 8. Bd2 Be6 9. f3 0-0-0 10. 0-0-0 Ne7 11. h4 h6 12. g4 g5 13. h5 c5 14. Rh3 Rd6 15. e5 Qxe5 16. Qxe5 Bxe5 17. Ne4 Rb6 18. Bc3 Bxc3 19. Nxc3 Rd6 20. Rh2 Rxd1+ 21. Kxd1 Rd8+ 22. Rd2 f5 23. Be2 c6 24. Rxd8+ Kxd8 25. Na4 b6 26. c4 Ng8 27. b3 fxg4 28. fxg4 Nf6 29. Nb2 Bxg4 30. Bxg4 Nxg4 31. Nd3 Ke7 0-1

[Event "Alassio West End op 2nd"]
[Site "Alassio"]
[Date "2016.09.30"]
[Round "1"]
[White "Cugini, Verter"]
[Black "Benvenuti, Cristian"]
[Result "1-0"]
[WhiteElo "2067"]
[BlackElo "1686"]
[PlyCount "115"]
[EventDate "2016.09.30"]
[EventType "swiss"]
[EventRounds "5"]
[EventCountry "ITA"]
[SourceTitle "EXT 2018"]
[Source "ChessBase"]
[SourceDate "2017.10.13"]
[SourceVersion "1"]
[SourceVersionDate "2017.10.13"]
[SourceQuality "1"]

1. e4 e5 2. Nf3 Nc6 3. d4 exd4 4. Nxd4 Nf6 5. Nxc6 bxc6 6. e5 Qe7 7. Qe2 Nd5 8. c4 Nb6 9. Nd2 Bb7 10. b3 0-0-0 11. Bb2 Qe6 12. 0-0-0 a5 13. Nf3 Qh6+ 14. Qd2 Qxd2+ 15. Rxd2 a4 16. Bd3 Bb4 17. Re2 axb3 18. axb3 h6 19. Rd1 Rhe8 20. Bf5 g6 21. Bh3 Kb8 22. Nd4 d5 23. exd6 Bxd6 24. Rde1 Rxe2 25. Rxe2 Bc5 26. Nc2 Bd6 27. Bf6 Bf4+ 28. Ne3 Re8 29. g3 Bd6 30. Ra2 Bc5 31. Kd2 Bc8 32. Bg2 Re6 33. Bc3 Rd6+ 34. Ke2 Re6 35. Ra5 Bf8 36. Bf3 Kb7 37. Ra2 Nd7 38. Kf1 Nc5 39. Bb4 Re8 40. Kg2 Kb6 41. Ba5+ Kb7 42. b4 Ne4 43. b5 cxb5 44. cxb5 Kb8 45. Nd5 Bd6 46. Rc2 Nc5 47. Bxc7+ Bxc7 48. Rxc5 Bd6 49. Rc6 Be5 50. Nb4 Bd4 51. Rc4 Bb6 52. Nc6+ Ka8 53. Nd8+ Kb8 54. Nxf7 Be6 55. Rc6 Bxf7 56. Rxb6+ Kc8 57. Rf6 Re7 58. b6 1-0

[Event "Imperia op-A 55th"]
[Site "Imperia"]
[Date "2013.09.01"]
[Round "1"]
[White "Jurek, Josef"]
[Black "Cugini, Verter"]
[Result "1/2-1/2"]
[WhiteElo "2260"]
[BlackElo "2041"]
[PlyCount "147"]
[EventDate "2013.09.01"]
[EventType "swiss"]
[EventRounds "9"]
[EventCountry "ITA"]
[SourceTitle "EXT 2015"]
[Source "ChessBase"]
[SourceDate "2014.11.20"]
[SourceVersion "1"]
[SourceVersionDate "2014.11.20"]
[SourceQuality "1"]

1. Nf3 g6 2. d4 Bg7 3. c4 c5 4. d5 e5 5. e4 d6 6. Nc3 Ne7 7. Be2 Bg4 8. Be3 Nd7 9. Nd2 Bxe2 10. Qxe2 a6 11. 0-0 0-0 12. Rab1 f5 13. f3 Nf6 14. b4 b6 15. a4 Qd7 16. a5 cxb4 17. Rxb4 bxa5 18. Ra4 fxe4 19. fxe4 Ng4 20. Rxf8+ Rxf8 21. h3 Nxe3 22. Qxe3 Qc7 23. Nb3 Nc8 24. Nxa5 Nb6 25. Rb4 Nxd5 26. Nxd5 Qxa5 27. Kh2 Qd8 28. Rb6 Rf7 29. Rxa6 Bf8 30. Qa3 Qh4 31. Ra7 Qf2 32. Rxf7 Qxf7 33. Qa8 Kg7 34. Qd8 h6 35. Kg1 Qa7+ 36. Kh1 Qf2 37. Qd7+ Qf7 38. Qg4 Be7 39. Kh2 Bg5 40. h4 Bf4+ 41. g3 Bc1 42. Kg2 Ba3 43. h5 Bc5 44. Qxg6+ Qxg6 45. hxg6 Kxg6 46. Kf3 Kg5 47. Ne7 h5 48. Nf5 Bb4 49. Nh4 Bc5 50. Kg2 Kg4 51. Nf3 Bb6 52. Nh2+ Kg5 53. Kh3 Bf2 54. Nf3+ Kh6 55. Nh4 Kg5 56. Nf5 Bc5 57. Ng7 Bb4 58. Ne6+ Kg6 59. Nc7 Kg5 60. Ne6+ Kg6 61. g4 hxg4+ 62. Kxg4 Kf6 63. Nc7 Ba3 64. Kh5 Ke7 65. Nd5+ Kd7 66. Kg6 Kc6 67. Kf5 Kc5 68. Ne3 Bc1 69. Nd5 Kxc4 70. Nc7 Bd2 71. Nd5 Ba5 72. Ne3+ Kd4 73. Nd5 Bd8 74. Nb4 1/2-1/2

[Event "Imperia op-A 54th"]
[Site "Imperia"]
[Date "2012.09.03"]
[Round "2"]
[White "Cugini, Verter"]
[Black "Sanchez, Joseph"]
[Result "0-1"]
[WhiteElo "2072"]
[BlackElo "2534"]
[PlyCount "38"]
[EventDate "2012.09.02"]
[EventType "swiss"]
[EventRounds "9"]
[EventCountry "ITA"]
[SourceTitle "EXT 2014"]
[Source "ChessBase"]
[SourceDate "2013.11.20"]
[SourceVersion "1"]
[SourceVersionDate "2013.11.20"]
[SourceQuality "1"]

1. e4 d5 2. exd5 Qxd5 3. Nc3 Qd6 4. d4 Nf6 5. Nge2 Bf5 6. Bf4 Qb6 7. Rb1 e6 8. Ng3 Bg6 9. Bd3 Nc6 10. Be3 Bxd3 11. Qxd3 0-0-0 12. Nge2 Nb4 13. Qd2 e5 14. dxe5 Bc5 15. Bxc5 Qxc5 16. Qc1 Qxe5 17. a3 Nbd5 18. 0-0 Ng4 19. f4 Nxc3 0-1

[Event "Imperia op-A 54th"]
[Site "Imperia"]
[Date "2012.09.02"]
[Round "1"]
[White "Stoppa, Omar"]
[Black "Cugini, Verter"]
[Result "1/2-1/2"]
[WhiteElo "2279"]
[BlackElo "2072"]
[PlyCount "75"]
[EventDate "2012.09.02"]
[EventType "swiss"]
[EventRounds "9"]
[EventCountry "ITA"]
[SourceTitle "EXT 2014"]
[Source "ChessBase"]
[SourceDate "2013.11.20"]
[SourceVersion "1"]
[SourceVersionDate "2013.11.20"]
[SourceQuality "1"]

1. e4 e6 2. d4 d5 3. Nd2 Nf6 4. e5 Ne4 5. Ngf3 Nxd2 6. Bxd2 c5 7. Bd3 cxd4 8. 0-0 Nc6 9. a3 Be7 10. b4 a6 11. Bc1 Bd7 12. Bb2 Qb6 13. Re1 Rc8 14. Qd2 h6 15. h4 0-0 16. Qf4 Qd8 17. Qg4 Qe8 18. Nxd4 Nxd4 19. Bxd4 Bb5 20. Re3 Bxd3 21. cxd3 Kh7 22. Rg3 Rg8 23. h5 Rc6 24. Re1 Bd8 25. Ree3 Bb6 26. Bxb6 Rxb6 27. Rgf3 Rc6 28. Qf4 Rf8 29. g4 Rc1+ 30. Kh2 Qa4 31. Qg3 Qxa3 32. g5 hxg5 33. Qxg5 Qa1 34. Qg2 Qd4 35. Qg5 Qa1 36. Qg2 Qd4 37. Qg5 Qa1 38. Qg2 1/2-1/2

[Event "Bratto op 31st"]
[Site "Bratto"]
[Date "2011.08.28"]
[Round "9"]
[White "Cugini, Verter"]
[Black "Bianchi, Andrea"]
[Result "1/2-1/2"]
[WhiteElo "2053"]
[BlackElo "2142"]
[PlyCount "175"]
[EventDate "2011.08.20"]
[EventType "swiss"]
[EventRounds "9"]
[EventCountry "ITA"]
[SourceTitle "EXT 2022"]
[Source "ChessBase"]
[SourceDate "2021.10.06"]
[SourceVersion "1"]
[SourceVersionDate "2021.10.06"]
[SourceQuality "1"]

1. e4 d6 2. d4 Nf6 3. Nc3 e5 4. dxe5 dxe5 5. Qxd8+ Kxd8 6. Bc4 Be6 7. Bxe6 fxe6 8. Nf3 Bd6 9. Be3 Nbd7 10. 0-0-0 Ke7 11. Nd2 a6 12. f3 b5 13. Nb3 c5 14. Rd2 c4 15. Na5 Rhc8 16. a3 Bc5 17. Bxc5+ Nxc5 18. Rhd1 Rc7 19. Na2 Nb7 20. Nxb7 Rxb7 21. Nb4 Rb6 22. c3 Ra7 23. Rd8 a5 24. Nc2 Nd7 25. Rg8 Kf7 26. Rc8 Ke7 27. a4 b4 28. Rxc4 bxc3 29. bxc3 Rb3 30. Rc6 Nb8 31. Rc8 Nd7 32. Na1 Rbb7 33. Rc6 Nb8 34. Rc5 Nd7 35. Rc6 Nb8 36. Rc8 Nd7 37. Kc2 Nb6 38. Rg8 Kf7 39. Rdd8 Nxa4 40. Rgf8+ Kg6 41. Nb3 Rc7 42. Rd3 Ra6 43. Rb8 Kf6 44. Nc1 Rac6 45. Na2 Nc5 46. Rdd8 Na6 47. Rf8+ Kg6 48. Rb5 Nb4+ 49. Kb3 Nxa2 50. Kxa2 Rxc3 51. Ra8 Rc2+ 52. Rb2 R7c5 53. Re8 Kf6 54. Rf8+ Ke7 55. Rg8 Kf7 56. Ra8 h5 57. Ra7+ Kf6 58. Ra8 h4 59. Rh8 Kg5 60. Rf8 R5c3 61. Rf7 g6 62. g3 hxg3 63. hxg3 Rxb2+ 64. Kxb2 Re3 65. Kc2 a4 66. Kd2 Rb3 67. Ke2 a3 68. Ra7 Kf6 69. Kf2 Rb2+ 70. Ke3 a2 71. f4 exf4+ 72. gxf4 g5 73. fxg5+ Kxg5 74. Ra5+ Kf6 75. Kf4 Rf2+ 76. Ke3 Rh2 77. Kf4 e5+ 78. Kg4 Rg2+ 79. Kf3 Rb2 80. Kg4 Rf2 81. Kg3 Rf4 82. Rxa2 Rxe4 83. Kf3 Rb4 84. Ra8 Rb3+ 85. Ke4 Rb4+ 86. Ke3 Rh4 87. Rf8+ Ke7 88. Ra8 1/2-1/2

[Event "Bratto op 30th"]
[Site "Bratto"]
[Date "2010.08.20"]
[Round "1"]
[White "Cugini, Verter"]
[Black "Vocaturo, Daniele"]
[Result "0-1"]
[WhiteElo "2122"]
[BlackElo "2526"]
[PlyCount "68"]
[EventDate "2010.08.20"]
[EventType "swiss"]
[EventRounds "9"]
[EventCountry "ITA"]
[SourceTitle "CBM 138 Extra"]
[Source "ChessBase"]
[SourceDate "2010.10.29"]
[SourceVersion "1"]
[SourceVersionDate "2010.10.29"]
[SourceQuality "1"]

1. e4 e5 2. Nf3 Nc6 3. d4 exd4 4. Nxd4 Bb4+ 5. c3 Bc5 6. Be3 Bb6 7. Bc4 Ne5 8. Be2 Nf6 9. Nd2 d6 10. h3 0-0 11. 0-0 Re8 12. f4 Ng6 13. Bd3 Nd5 14. exd5 Rxe3 15. Nc4 Bxd4 16. cxd4 Rg3 17. Bxg6 hxg6 18. Kh2 Qh4 19. Qe1 Rxg2+ 20. Kxg2 Bxh3+ 21. Kh1 Qh5 22. Rf2 Be6+ 23. Kg1 Bxd5 24. Rh2 Qg4+ 25. Kf2 Qxf4+ 26. Kg1 Qg4+ 27. Kf2 Qxd4+ 28. Ne3 Re8 29. Rh3 Qxb2+ 30. Kg3 Rxe3+ 31. Qxe3 Qg2+ 32. Kh4 Be6 33. Rg3 Qh2+ 34. Rh3 Bxh3 0-1

[Event "Imperia op-A 51st"]
[Site "Imperia"]
[Date "2009.08.31"]
[Round "2"]
[White "Cugini, Verter"]
[Black "Faraci, Antonino"]
[Result "1-0"]
[WhiteElo "2149"]
[BlackElo "2009"]
[PlyCount "89"]
[EventDate "2009.08.30"]
[EventType "swiss"]
[EventRounds "9"]
[EventCountry "ITA"]
[SourceTitle "EXT 2011"]
[Source "ChessBase"]
[SourceDate "2010.11.26"]
[SourceVersion "1"]
[SourceVersionDate "2010.11.26"]
[SourceQuality "1"]

1. e4 c5 2. g3 Nc6 3. Bg2 g6 4. Ne2 Bg7 5. 0-0 d6 6. Nbc3 e6 7. d3 Nge7 8. Be3 Rb8 9. d4 b6 10. Qd2 Ba6 11. Rfd1 Qc7 12. Bh6 0-0 13. Bxg7 Kxg7 14. a4 Rbd8 15. Nb5 Qb8 16. d5 exd5 17. exd5 Bxb5 18. axb5 Ne5 19. f4 Nd7 20. g4 f5 21. g5 Qc7 22. Ra3 Rf7 23. c4 Ng8 24. Qc3+ Kf8 25. Ng3 Re8 26. Rda1 Nb8 27. h4 Rfe7 28. h5 a5 29. bxa6 Qa7 30. h6 Nd7 31. Kh2 Rf7 32. Bf3 Qc7 33. Re1 Ra8 34. Re6 Ra7 35. Qb3 Ne7 36. Qb5 Kg8 37. Rb3 Nf8 38. Re1 Nc8 39. Rbe3 Qd7 40. Re8 Qc7 41. R1e3 Ra8 42. Ne2 Qa7 43. Nc3 Qd7 44. Bd1 Ra7 45. Qxd7 1-0